• 首页
  • 本馆介绍
  • 公告通知
  • 最新文献
  • 馆藏检索
  • 电子资源
  • 读者导购
  • 参考咨询
  • 我的图书馆
  • 登录
  • 详细信息显示
  • 放入我的书架
  • 预约/预借图书
  • 作者相关作品
  • 分类相关作品
  • 丛书相关作品
  • 出版社相关作品

书目信息

  • 表格格式
  • 工作单格式
  • 卡片格式
题名:
土木工程概论
    
 
作者: 叶志明 主编
分册:  
出版信息: 北京   高等教育出版社  2020
页数: 188页
开本: 26cm
丛书名:
单 册:
中图分类: TU-43
科图分类:
主题词: 土木工程--教材
电子资源:
ISBN: 978-7-04-053034-6
000 00919nam0 2200241 450
001 0105061567
005 20201009143706.0
010    @a978-7-04-053034-6@dCNY45.80
100    @a20200529d2020 em y0chiy0120 ea
101 0  @achi
102    @aCN@b110000
105    @aa z 000yy
106    @ar
200 1  @a土木工程概论@9Tu Mu Gong Cheng Gai Lun @f叶志明主编@b专著
210    @a北京@c高等教育出版社@d2020
215    @a188页@c图@d26cm
300    @a新世纪土木工程系列教材(专业核心课程) iCourse·教材
330    @a本书共12章,分别就课程绪论、土木工程材料、地基基础及地下工程、建筑工程、交通土建工程、桥梁工程、港口工程、水利水电工程、土木工程施工与建设项目管理、土木工程防灾与减灾、数字化技术在土木工程中的应用、智慧城市和土木工程等方面进行了介绍。
606 0  @a土木工程@j教材
690    @aTU-43@v5
701  0 @a叶志明@f(1954~)@4主编@9ye zhi ming
801  0 @aCN@bAZmarc@c20230907
905    @aBZT@dTU@e61@f1@sTU/61
    
    土木工程概论/叶志明主编.-北京:高等教育出版社,2020
    188页:图;26cm
    新世纪土木工程系列教材(专业核心课程) iCourse·教材
    
    ISBN 978-7-04-053034-6:CNY45.80
    本书共12章,分别就课程绪论、土木工程材料、地基基础及地下工程、建筑工程、交通土建工程、桥梁工程、港口工程、水利水电工程、土木工程施工与建设项目管理、土木工程防灾与减灾、数字化技术在土木工程中的应用、智慧城市和土木工程等方面进行了介绍。
●
相关链接 在五车中查询图书 在当当中查询图书 在豆瓣中查询图书


正题名:土木工程概论     索取号:TU/61         预约/预借

序号 登录号 条形码 馆藏地/架位号 状态 备注
1 2000028355   2000028355   旧书回溯/ [索取号:TU/61] 在馆    
山东省滨州职业学院图书馆 欢迎您!
大连网信软件有限公司© 版权所有